000 00731cab a2200193 4500
001 L130370
008 050722n2005 000 0 eng u
035 _a(Sirsi) u130370
041 _aeng
100 _aLeftly, Mark
245 _aOn top of the world
260 _c2005
490 _aBuilding
_v270(8389) 8 July 2005, 26-28(3)
520 _aQuestion and answer look at the £8.3bn worth of projects that hosting the Olympics in London will engender and what this means for London and the construction industry. Includes a brief look at the effect the Olympics have had on the host cities of Athens, Sydney and Atlanta.
590 _aIKA020805
650 _aOLYMPIC GAMES 2012
690 _aProcurement
_96260
942 _n0
999 _c75583
_d75583